000 00243pam a2200121 a 4500
020 _c
041 _h
245 _aSustainable Development in Fragile Environment
260 _c1995
300 _a122
653 _aEnvironment
930 _a916
999 _c246769
_d246769